|
|
|
|
| LEADER |
01227nam a2200289 a 4500 |
| 001 |
GR-MES12688 |
| 008 |
070706s enk b 001 0 gre d |
| 020 |
|
|
|a 0077103947
|
| 040 |
|
|
|a GrPaTEI
|b gre
|c GR-PaULI
|
| 040 |
|
|
|a GrPaTEI
|b gre
|c GR-PaULI
|
| 082 |
|
0 |
|a 337.142
|2 22
|
| 100 |
1 |
|
|a Baldwin, Richard
|
| 245 |
1 |
4 |
|a The economics of European integration /
|c Richard Baldwin / Charles Wyplosz.
|
| 260 |
|
|
|a London :
|b McGraw-Hill,
|c 2004
|
| 300 |
|
|
|a xx
|a 458σ. :
|b εικ. ;
|c 25εκ.
|
| 504 |
|
|
|a Περιλαμβάνει βιβλιογραφίες και ευρετήριο.
|
| 650 |
|
0 |
|a Euro area
|x Economic integration
|
| 650 |
|
0 |
|a European Union countries
|
| 650 |
|
0 |
|a European Union
|x Economic conditions
|
| 650 |
|
4 |
|a ΕΥΡΩΠΑΙΚΗ ΕΝΟΠΟΙΗΣΗ
|
| 650 |
|
4 |
|a Ευρωπαϊκή Ενωση
|
| 650 |
|
4 |
|a Ευρωπαϊκή Ένωση
|x οικονομική πολιτική
|
| 700 |
1 |
|
|a Wyplosz, Charles
|
| 942 |
|
|
|2 ddc
|
| 952 |
|
|
|0 0
|1 0
|2 ddc
|4 0
|6 337_142000000000000_BAL
|7 0
|9 271266
|a MSLG
|b MSLG
|c BSC
|d 2021-01-17
|e 24
|f 0
|g 0.00
|l 0
|o 337.142 BAL
|p 2420000022013
|r 2021-01-17 00:00:00
|t 1
|w 2021-01-17
|y BK15
|x 20070706 0 ΜΑΤΣΙΩΡΗ 1
|x GrPaTEI
|
| 971 |
|
|
|a .b25787354
|b 15-04-20
|c 13-09-16
|
| 999 |
|
|
|c 156663
|d 156663
|